Derecho administrativo económico. Sectores reguladores: servicios públicos, territorio y recursos naturales

Gardado en:
Detalles Bibliográficos
Autor Principal: Vergara Blanco, Alejandro (Author)
Formato: Libro
Idioma:Lingua castelá
Publicado: Santiago Thomson Reuters Legal Publishing 2018
Edición:1a. ed
Subjects:
Tags: Engadir etiqueta
Sen Etiquetas, Sexa o primeiro en etiquetar este rexistro!

MARC

LEADER 00000cam a2200000 a 4500
001 UCC3431
003 CL-VaPUC
008 180511e20180000cl |||||||||||||||||spa|d
020 |a 9789563469479 
082 0 4 |a 342.83  |b VER  |2 21 
100 0 |a Vergara Blanco, Alejandro  |e author  |9 597410 
245 1 0 |a Derecho administrativo económico. Sectores reguladores: servicios públicos, territorio y recursos naturales 
250 |a 1a. ed 
300 |a 595 p 
942 |c BK 
945 |d 20180511 10:48:00  |a arojas 
260 |a Santiago  |b Thomson Reuters Legal Publishing  |c 2018 
650 0 |a Derecho administrativo chileno  |9 461009 
650 0 |a Política económica   |9 255029 
651 7 |a CHILE  |2 CL-VaPUC  |9 597411 
583 |a last modification  |c 20180511 10:48:00  |k Rodrigo Vera 
999 |c 371132  |d 371130 
952 |0 0  |1 0  |3 erb  |4 0  |6 342_830000000000000_VER_2018  |7 0  |8 A  |9 488024  |a BIBDER  |b BIBDER  |i 5469341  |l 3  |m 2  |o 342.83 VER 2018  |p 5469341  |r 2025-05-08  |s 2024-05-15  |w 2019-11-24  |y BK  |z Catalogado en:20180511  |k DER